[Event "Titled Tuesday intern op 28th Feb Late"]
[Site "Chess.com INT"]
[Date "2023.02.28"]
[Round "2"]
[White "Huang, Alex"]
[Black "Kochiev, Ivan"]
[Result "0-1"]
[WhiteElo "2009"]
[BlackElo "2046"]
[PlyCount "82"]
[EventDate "2023.02.28"]
[EventType "swiss (blitz)"]
[EventRounds "11"]
[EventCountry "USA"]
[SourceTitle "CBM 213 Extra"]
[Source "ChessBase"]
[SourceDate "2023.05.31"]
[SourceVersion "1"]
[SourceVersionDate "2023.05.31"]
[SourceQuality "1"]

1. d4 Nf6 2. Nf3 e6 3. Bf4 c5 4. e3 d5 5. c3 Bd6 6. Bb5+ Nc6 7. Bg3 0-0 8. Nbd2 Qe7 9. Bxc6 bxc6 10. Qa4 Bd7 11. Bxd6 Qxd6 12. Qa3 a5 13. dxc5 Qc7 14. 0-0 e5 15. e4 h6 16. Rfe1 Rfe8 17. Rac1 Nh5 18. Qa4 Nf4 19. Qc2 g6 20. b4 f5 21. exd5 cxd5 22. Nb3 e4 23. Nfd4 Nd3 24. Qd2 axb4 25. cxb4 Kh7 26. Na5 Nxc1 27. Rxc1 f4 28. a4 Bxa4 29. c6 e3 30. fxe3 fxe3 31. Qe2 Qf4 32. Rf1 Qxd4 33. Rf7+ Kg8 34. Rf6 Qxf6 35. h3 Bb5 36. Qe1 e2 37. Kh2 Qf1 38. Qg3 Kh7 39. Qc7+ Kg8 40. Qg3 Qf7 41. c7 e1Q 0-1

[Event "Titled Tuesday intern op 28th Feb Late"]
[Site "Chess.com INT"]
[Date "2023.02.28"]
[Round "3"]
[White "Jovic, Stanoje"]
[Black "Huang, Alex"]
[Result "1-0"]
[WhiteElo "2073"]
[BlackElo "2009"]
[PlyCount "103"]
[EventDate "2023.02.28"]
[EventType "swiss (blitz)"]
[EventRounds "11"]
[EventCountry "USA"]
[SourceTitle "CBM 213 Extra"]
[Source "ChessBase"]
[SourceDate "2023.05.31"]
[SourceVersion "1"]
[SourceVersionDate "2023.05.31"]
[SourceQuality "1"]

1. c4 g6 2. g3 Bg7 3. Bg2 Nf6 4. Nc3 d6 5. Nf3 0-0 6. 0-0 e5 7. d3 c6 8. Rb1 a5 9. a3 h6 10. b4 axb4 11. axb4 Bg4 12. h3 Be6 13. e4 Qc8 14. Kh2 Nbd7 15. Be3 Ne8 16. Qd2 Kh7 17. Qe2 f5 18. exf5 Bxf5 19. Ne4 d5 20. cxd5 cxd5 21. Rfc1 Qd8 22. Nc5 d4 23. Bd2 Qb8 24. Nxb7 Qxb7 25. Ng5+ hxg5 26. Bxb7 Ra3 27. Be4 Nd6 28. Rc7 Bxe4 29. dxe4 Nf6 30. f3 Nh5 31. Kg2 Rb8 32. Bxg5 Nb5 33. Rc5 Nc3 34. Rxc3 dxc3 35. b5 Rba8 36. Rc1 Bf8 37. b6 Rb3 38. Rc2 Ra1 39. Qc4 Rbb1 40. Bc1 Rxc1 41. Rxc1 Rxc1 42. b7 Rb1 43. b8Q Rxb8 44. Qc7+ Ng7 45. Qxb8 Bc5 46. Qxe5 Bb4 47. Qc7 Kh6 48. f4 Ne6 49. Qc4 Nd4 50. Qxb4 c2 51. Qc4 g5 52. fxg5+ 1-0

[Event "Titled Tuesday intern op 21st Feb Late"]
[Site "Chess.com INT"]
[Date "2023.02.21"]
[Round "1"]
[White "Huang, Alex"]
[Black "Kourkoulos Arditis, Stamatis"]
[Result "0-1"]
[WhiteElo "2009"]
[BlackElo "2520"]
[PlyCount "70"]
[EventDate "2023.02.21"]
[EventType "swiss (blitz)"]
[EventRounds "11"]
[EventCountry "USA"]
[SourceTitle "CBM 212 Extra"]
[Source "ChessBase"]
[SourceDate "2023.03.31"]
[SourceVersion "1"]
[SourceVersionDate "2023.03.31"]
[SourceQuality "1"]

1. d4 c5 2. d5 Nf6 3. Nc3 g6 4. e4 d6 5. Nf3 Bg7 6. a4 0-0 7. h3 e6 8. Be2 exd5 9. exd5 Bf5 10. 0-0 Ne4 11. Nxe4 Bxe4 12. c3 Re8 13. Re1 Bxf3 14. Bxf3 Rxe1+ 15. Qxe1 Nd7 16. Bf4 Ne5 17. Be2 Qh4 18. Bg3 Qe4 19. Qd2 Re8 20. Bb5 Re7 21. Re1 Qxe1+ 22. Qxe1 Nf3+ 23. gxf3 Rxe1+ 24. Kg2 Be5 25. f4 Bf6 26. Bc4 Rb1 27. b3 Bxc3 28. Bh4 Kf8 29. Bb5 Rxb3 30. Bd8 a6 31. Bc4 Rb4 32. Bd3 Rxa4 33. Kf3 b5 34. Bc7 Ke7 35. Bb6 f5 0-1

[Event "Titled Tuesday intern op 01st Sept"]
[Site "Chess.com INT"]
[Date "2020.09.01"]
[Round "4"]
[White "Mikhailovsky, Vladimir"]
[Black "Huang, Alex"]
[Result "1-0"]
[WhiteElo "2228"]
[BlackElo "1988"]
[PlyCount "113"]
[EventDate "2020.09.01"]
[EventType "swiss (blitz)"]
[EventRounds "10"]
[EventCountry "USA"]
[SourceTitle "CBM 198 Extra"]
[Source "ChessBase"]
[SourceDate "2020.11.30"]
[SourceVersion "1"]
[SourceVersionDate "2020.11.30"]
[SourceQuality "1"]

1. c3 Nf6 2. f3 g6 3. Qa4 Bg7 4. Qh4 d6 5. Kd1 e5 6. Qe1 0-0 7. e4 Nbd7 8. Kc2 c6 9. d3 d5 10. h4 h5 11. Bg5 Nc5 12. Nd2 Ne6 13. Nh3 d4 14. Nc4 Qc7 15. Qg3 Nd7 16. Bd2 b5 17. Na3 a6 18. Ng5 Ndc5 19. b4 Na4 20. Nxe6 Bxe6 21. cxd4 c5 22. dxc5 a5 23. Nxb5 Qc6 24. d4 exd4 25. Bd3 axb4 26. Bxb4 Rfb8 27. Qd6 Qb7 28. c6 Rc8 29. Nxd4 Bxd4 30. Qxd4 Qxc6+ 31. Kd2 Rd8 32. Qe5 Bc4 33. Ke3 Rxd3+ 34. Kf4 f6 35. Qe7 Re8 36. Qa7 Qe6 37. Kg3 Qe5+ 38. Kf2 Red8 39. Qa5 Rd2+ 40. Bxd2 Qd4+ 41. Be3 Qb2+ 42. Kg3 Qe5+ 43. Qxe5 fxe5 44. Rhd1 Rf8 45. Rac1 Be6 46. Rd6 Bc8 47. Rxg6+ Kh7 48. Rgc6 Rg8+ 49. Kf2 Bd7 50. Rc7 Rg7 51. Rd1 Be8 52. Rxg7+ Kxg7 53. Rd5 Kf6 54. f4 exf4 55. Bxf4 Nc3 56. Be5+ Ke6 57. Bxc3 1-0

[Event "Titled Tuesday intern op 01st Sept"]
[Site "Chess.com INT"]
[Date "2020.09.01"]
[Round "1"]
[White "Pon, Matt"]
[Black "Huang, Alex"]
[Result "1-0"]
[WhiteElo "2185"]
[BlackElo "1988"]
[PlyCount "79"]
[EventDate "2020.09.01"]
[EventType "swiss (blitz)"]
[EventRounds "10"]
[EventCountry "USA"]
[SourceTitle "CBM 198 Extra"]
[Source "ChessBase"]
[SourceDate "2020.11.30"]
[SourceVersion "1"]
[SourceVersionDate "2020.11.30"]
[SourceQuality "1"]

1. e4 c5 2. Nf3 e6 3. d3 b6 4. g3 Bb7 5. Bg2 d6 6. 0-0 Nf6 7. Re1 Be7 8. Nbd2 0-0 9. c3 Nbd7 10. a4 a6 11. h3 Rc8 12. g4 Qc7 13. Qe2 Ne5 14. Nxe5 dxe5 15. Nc4 Rfd8 16. Bg5 h6 17. Bh4 b5 18. axb5 axb5 19. Na3 Bc6 20. Rad1 Ne8 21. Bg3 Bd6 22. Nc2 Qb8 23. h4 f6 24. g5 Be7 25. gxh6 gxh6 26. Qh5 Kg7 27. Ne3 Nd6 28. Bh3 Bd7 29. Kh2 Rh8 30. Rg1 Kf8 31. f4 Be8 32. Qf3 exf4 33. Bxf4 Bf7 34. e5 Qb7 35. Qg3 Ne8 36. Ng4 Ng7 37. exf6 Bxf6 38. Nxf6 Be8 39. Bd6+ Kf7 40. Qxg7# 1-0

[Event "Oceania zt 3.6"]
[Site "Auckland"]
[Date "2017.01.14"]
[Round "1"]
[White "Huang, Alex"]
[Black "Li, Rodney Xiang Rei"]
[Result "1-0"]
[WhiteElo "1993"]
[BlackElo "1525"]
[PlyCount "103"]
[EventDate "2017.01.14"]
[EventType "swiss"]
[EventRounds "9"]
[EventCountry "NZL"]
[SourceTitle "EXT 2018"]
[Source "ChessBase"]
[SourceDate "2017.10.13"]
[SourceVersion "1"]
[SourceVersionDate "2017.10.13"]
[SourceQuality "1"]

1. d4 Nf6 2. c4 e6 3. Nc3 c5 4. d5 exd5 5. cxd5 d6 6. Nf3 g6 7. Bf4 a6 8. a4 Bg7 9. h3 0-0 10. e3 Qc7 11. Be2 Nbd7 12. 0-0 Re8 13. Nd2 Nb6 14. Bf3 Bd7 15. Qb3 Rab8 16. Qa3 Bc8 17. a5 Nbd7 18. Nc4 Ne5 19. Bxe5 dxe5 20. d6 Qd8 21. Qxc5 e4 22. Be2 Be6 23. Rfd1 Bf8 24. Qb4 Rc8 25. Rd4 Bxc4 26. Bxc4 Qd7 27. Na4 Rc6 28. Nb6 Qd8 29. Rad1 Re5 30. Qb3 Rxa5 31. Nd5 Rxd6 32. Qxb7 Nxd5 33. Bxd5 Qd7 34. Bxf7+ Qxf7 35. Qxf7+ Kxf7 36. Rxd6 Bxd6 37. Rxd6 Rb5 38. Rxa6 Rxb2 39. Ra4 Kf6 40. Rxe4 Kf5 41. Ra4 h5 42. Rf4+ Kg5 43. h4+ Kh6 44. Rf6 Kg7 45. Ra6 Kh6 46. g3 Rc2 47. Kg2 Rb2 48. e4 Re2 49. Kf3 Re1 50. Kf4 Re2 51. f3 Kg7 52. Kg5 1-0

[Event "NZL-ch op 122nd"]
[Site "Auckland"]
[Date "2015.01.08"]
[Round "8"]
[White "Lamerton, Troy"]
[Black "Huang, Alex"]
[Result "0-1"]
[WhiteElo "1731"]
[BlackElo "2114"]
[PlyCount "86"]
[EventDate "2015.01.01"]
[EventType "swiss"]
[EventRounds "9"]
[EventCountry "NZL"]
[SourceTitle "CBM 164 Extra"]
[Source "ChessBase"]
[SourceDate "2015.03.02"]
[SourceVersion "1"]
[SourceVersionDate "2015.03.02"]
[SourceQuality "1"]

1. e4 c5 2. Nf3 d6 3. d4 cxd4 4. Nxd4 Nf6 5. Nc3 g6 6. Bc4 Bg7 7. Be3 0-0 8. 0-0 Nc6 9. Nxc6 bxc6 10. Qd2 Ng4 11. f4 Nxe3 12. Qxe3 Rb8 13. Rab1 Rb4 14. Qd3 Qa5 15. Kh1 Qc5 16. Bb3 Be6 17. a3 Rd4 18. Qf3 Bxb3 19. cxb3 Rb8 20. b4 Qc4 21. Rbd1 a5 22. e5 dxe5 23. Ne2 Rxd1 24. Rxd1 e4 25. Qe3 axb4 26. b3 Qe6 27. a4 Bf6 28. Nd4 Qd5 29. Rd2 Qc5 30. Nc2 Qc3 31. h3 c5 32. Re2 c4 33. Qa7 Rd8 34. Qb6 Rd1+ 35. Kh2 cxb3 36. Qxb4 bxc2 37. Qxc3 Bxc3 38. Rxc2 Rd3 39. Ra2 Ba5 40. Re2 Rd4 41. g4 Rxa4 42. Kg3 Bc7 43. Re3 g5 0-1

[Event "NZL-ch op 122nd"]
[Site "Auckland"]
[Date "2015.01.05"]
[Round "5"]
[White "Huang, Alex"]
[Black "Mendoza, Darcy"]
[Result "1-0"]
[WhiteElo "2114"]
[BlackElo "612"]
[PlyCount "65"]
[EventDate "2015.01.01"]
[EventType "swiss"]
[EventRounds "9"]
[EventCountry "NZL"]
[SourceTitle "CBM 164 Extra"]
[Source "ChessBase"]
[SourceDate "2015.03.02"]
[SourceVersion "1"]
[SourceVersionDate "2015.03.02"]
[SourceQuality "1"]

1. e4 c5 2. Nf3 d6 3. d4 cxd4 4. Nxd4 Nf6 5. Nc3 Nc6 6. f3 e5 7. Nb3 Be6 8. Nd5 a6 9. c4 Nd7 10. Bd3 Be7 11. 0-0 0-0 12. Be3 Bg5 13. Qd2 Bxe3+ 14. Qxe3 Rb8 15. Rac1 a5 16. a4 b6 17. Nc3 Nc5 18. Nxc5 bxc5 19. Nb5 Nd4 20. f4 f6 21. f5 Bd7 22. g4 g5 23. fxg6 hxg6 24. Qh6 Bxg4 25. Qxg6+ Kh8 26. h3 Be2 27. Qh6+ Kg8 28. Bxe2 Nxe2+ 29. Kf2 Nxc1 30. Rg1+ Kf7 31. Rg7+ Ke6 32. Qg6 Nd3+ 33. Ke3 1-0

[Event "George Trundle Challengers"]
[Site "Auckland"]
[Date "2014.10.01"]
[Round "5"]
[White "Huang, Alex"]
[Black "Bennett, Hilton Petrie"]
[Result "1/2-1/2"]
[WhiteElo "2048"]
[BlackElo "1984"]
[PlyCount "56"]
[EventDate "2014.09.27"]
[EventType "tourn"]
[EventRounds "9"]
[EventCountry "NZL"]
[SourceTitle "EXT 2018"]
[Source "ChessBase"]
[SourceDate "2017.10.13"]
[SourceVersion "1"]
[SourceVersionDate "2017.10.13"]
[SourceQuality "1"]

1. e4 g6 2. d4 Bg7 3. Nc3 d6 4. Nf3 a6 5. Be2 b5 6. 0-0 Nd7 7. a4 b4 8. Nd5 a5 9. Bc4 Ngf6 10. c3 c6 11. Nxf6+ Nxf6 12. e5 Ng4 13. h3 Nh6 14. cxb4 axb4 15. Bg5 dxe5 16. Nxe5 Bxe5 17. dxe5 Qxd1 18. Rfxd1 Nf5 19. Be2 Ba6 20. Bf3 Rc8 21. Rac1 c5 22. b3 h6 23. Bf4 Nd4 24. Bg4 e6 25. Rb1 h5 26. Bf3 Nxf3+ 27. gxf3 Be2 28. Rdc1 Bxf3 1/2-1/2

[Event "George Trundle Challengers"]
[Site "Auckland"]
[Date "2014.09.28"]
[Round "2"]
[White "Huang, Alex"]
[Black "Ang, Alphaeus Wei Ern"]
[Result "1-0"]
[WhiteElo "2048"]
[BlackElo "2021"]
[PlyCount "79"]
[EventDate "2014.09.27"]
[EventType "tourn"]
[EventRounds "9"]
[EventCountry "NZL"]
[SourceTitle "EXT 2018"]
[Source "ChessBase"]
[SourceDate "2017.10.13"]
[SourceVersion "1"]
[SourceVersionDate "2017.10.13"]
[SourceQuality "1"]

1. e4 Nc6 2. Nf3 f5 3. exf5 d5 4. d4 Bxf5 5. Bb5 Qd6 6. Ne5 Bd7 7. Bxc6 Bxc6 8. 0-0 Nf6 9. Bf4 Qd8 10. Re1 g6 11. Nc3 Bd7 12. Bg5 Bg7 13. Bxf6 Bxf6 14. Nxd5 0-0 15. Qe2 Bc6 16. Nxf6+ Rxf6 17. Ng4 Rf4 18. Qe6+ Kf8 19. Nh6 Bd5 20. Qe5 Rf6 21. Ng4 Rf5 22. Qh8+ Bg8 23. Nh6 Qd5 24. Nxf5 Qxf5 25. Re3 Qd5 26. Rae1 e6 27. Rxe6 Rd8 28. Rf6+ Qf7 29. Rxf7+ Kxf7 30. Qe5 Rd7 31. Qe6+ Kg7 32. Qxd7+ Kh6 33. Re3 Bxa2 34. f4 Be6 35. Qe7 Bf5 36. h3 a5 37. Qh4+ Kg7 38. Re7+ Kg8 39. Qxh7+ Kf8 40. Qf7# 1-0

[Event "Auckland North Shore op 41st"]
[Site "Auckland"]
[Date "2014.09.06"]
[Round "2"]
[White "Wang, Puchen"]
[Black "Huang, Alex"]
[Result "1-0"]
[WhiteElo "2454"]
[BlackElo "2048"]
[PlyCount "69"]
[EventDate "2014.09.06"]
[EventType "swiss"]
[EventRounds "5"]
[EventCountry "NZL"]
[SourceTitle "CBM 162 Extra"]
[Source "ChessBase"]
[SourceDate "2014.10.17"]
[SourceVersion "1"]
[SourceVersionDate "2014.10.17"]
[SourceQuality "1"]

1. d4 Nf6 2. c4 c5 3. d5 b5 4. cxb5 a6 5. f3 Bb7 6. e4 e6 7. Nc3 Qb6 8. Nh3 Be7 9. Na4 Qa5+ 10. Bd2 Qc7 11. b6 Qd8 12. dxe6 fxe6 13. Be2 d5 14. Nf4 Qd6 15. Nd3 Nbd7 16. e5 Nxe5 17. Ndxc5 Bc6 18. Be3 a5 19. 0-0 0-0 20. Rc1 Ned7 21. Qd2 Bxa4 22. Nxa4 e5 23. b7 Rab8 24. Qxa5 d4 25. Bf2 Rxb7 26. Qa6 Qxa6 27. Bxa6 Ra7 28. Bc4+ Kh8 29. b3 Ba3 30. Rc2 Rb8 31. Nb2 Rc8 32. Nd3 Ra5 33. Re1 Bd6 34. Rce2 Re8 35. Bxd4 1-0

[Event "North Island-ch"]
[Site "Auckland"]
[Date "2014.07.17"]
[Round "8"]
[White "McLaren, Leonard"]
[Black "Huang, Alex"]
[Result "1/2-1/2"]
[WhiteElo "2232"]
[BlackElo "2044"]
[PlyCount "60"]
[EventDate "2014.07.14"]
[EventType "swiss"]
[EventRounds "9"]
[EventCountry "NZL"]
[SourceTitle "EXT 2018"]
[Source "ChessBase"]
[SourceDate "2017.10.13"]
[SourceVersion "1"]
[SourceVersionDate "2017.10.13"]
[SourceQuality "1"]

1. e4 c5 2. d4 cxd4 3. c3 g6 4. cxd4 d5 5. Nc3 dxe4 6. Bc4 Bg7 7. Qb3 e6 8. d5 Bxc3+ 9. Qxc3 Qf6 10. Ne2 exd5 11. Bxd5 Nd7 12. Bd2 Ne7 13. Bxe4 0-0 14. 0-0 Qxc3 15. Bxc3 Nc5 16. Bf3 Bf5 17. Bb4 Rac8 18. Nd4 Rfd8 19. Rad1 b6 20. Rfe1 Kf8 21. Bd2 f6 22. Nb5 Nd3 23. Bh6+ Kf7 24. Nxa7 Nxe1 25. Rxe1 Rc2 26. Bd1 Rxb2 27. Bb3+ Rxb3 28. axb3 Rd3 29. Nb5 Bd7 30. Na3 Rxb3 1/2-1/2

[Event "NZL-ch 121st"]
[Site "Auckland"]
[Date "2014.01.10"]
[Round "7"]
[White "Huang, Alex"]
[Black "Lim, Benjamin U"]
[Result "1/2-1/2"]
[WhiteElo "2052"]
[BlackElo "2024"]
[PlyCount "130"]
[EventDate "2014.01.04"]
[EventType "swiss"]
[EventRounds "9"]
[EventCountry "NZL"]
[SourceTitle "CBM 158 Extra"]
[Source "ChessBase"]
[SourceDate "2014.02.28"]
[SourceVersion "1"]
[SourceVersionDate "2014.02.28"]
[SourceQuality "1"]

1. e4 c5 2. Nf3 d6 3. d4 cxd4 4. Nxd4 Nf6 5. Nc3 a6 6. Be2 e6 7. 0-0 Be7 8. f4 0-0 9. Kh1 Qc7 10. Be3 Nc6 11. Qe1 Nxd4 12. Bxd4 e5 13. Be3 b5 14. a3 Bb7 15. Bd3 Ng4 16. Bd2 exf4 17. Rxf4 Ne5 18. Qg3 h5 19. Raf1 h4 20. Qf2 Bg5 21. Rf5 Bxd2 22. Qxd2 Qe7 23. Qf2 g6 24. Rf4 g5 25. Rf5 Kg7 26. Qd4 f6 27. a4 bxa4 28. Nxa4 Bc6 29. Ra1 Bxa4 30. Rxa4 a5 31. Qd5 Ng4 32. Qd4 Ne5 33. Qd5 Rfc8 34. Rf1 Ra7 35. c3 Rc5 36. Qd4 Nc6 37. Qf2 Rb7 38. Qd2 Rb6 39. b4 axb4 40. cxb4 Re5 41. b5 Nd8 42. Qf2 Rc5 43. Ra6 Rb7 44. Qd4 Nf7 45. Rc6 Qe5 46. Qxe5 Rxe5 47. Bc4 Rxe4 48. Bxf7 Kxf7 49. Rxd6 Re6 50. Rd5 Kg6 51. h3 Rbb6 52. Rb1 Re2 53. Kg1 Rc2 54. Kf1 Kf7 55. Rd3 f5 56. Kg1 Kf6 57. Ra3 Kg6 58. Ra6 Rxa6 59. bxa6 Ra2 60. Rb6+ Kh5 61. Rf6 f4 62. Kf1 Ra5 63. Kf2 g4 64. Rxf4 Ra2+ 65. Kf1 gxh3 1/2-1/2